000 02888cam a22002174a 4500
005 20250605164328.0
008 250528s ||||||||||||||||||||||||d
035 _a23125
020 _a9603513954
040 _aGR-AtMCL
_bgre
_dGR-AtMCL
_eAACR2
245 1 _aΕισαγωγή στα Συστήματα Μεταφορών
260 _bΣταμούλης Α,
_c2003
300 _a600
520 _aΤο παρόν βιβλίο προσπαθεί να δημιουργήσει ένα πλαίσιο για την κατανόηση των συστημάτων μεταφορών σε βασικό επίπεδο ούτως ώστε φοιτητές, καθηγητές και επαγγελματίες να μπορούν να προχωρήσουν και να σχεδιάσουν τα συστήματα και τα προγράμματα μεταφορών του μέλλοντος βασισμένοι σε ισχυρά θεμελιώδη στοιχεία και καλή κατανόηση του τρόπου λειτουργίας των σύγχρονων συστημάτων και των συναφών θεμάτων. Πρόλογος, Πλαίσιο και Έννοιες και Χαρακτηρισμοί, Στοιχεία των Συστημάτων Μεταφορών: Μια Εσωτερική Προσέγγιση, Στοιχεία των Συστημάτων Μεταφορών: Μια Εξωτερική Προσέγγιση, Ο Πελάτης και το Επίπεδο Υπηρεσιών, Δίκτυα, Συστήματα Μεταφορών: Κύρια Σημεία, Μοντέλα και Πλαίσια, Έννοιες Μοντελοποίησης, Μεταφορές Εμπορευμάτων, Το Σύστημα Logistics και το Επίπεδο Υπηρεσιών για Εμπορεύματα, Σιδηροδρόμοι: Εισαγωγικές Έννοιες, Λειτουργία Σιδηροδρόμων, Τερματικοί Σταθμοί Σιδηροδρόμων: Ανάλυση για την Πρόβλεψη Δικτυακής Συμπεριφοράς, Κόστος και Επίπεδο Υπηρεσιών, Το Μοντέλο Know Μεταφορική Ισχύς και Μέγεθος Στόλου Εμπορευματικών Οχημάτων και Προτεραιότητες Υπηρεσιών: Μια Εφαρμογή Προσομοίωσης, Μέτρηση της Υπηρεσίας Προέλευσης Προορισμού και Άλλα Θέματα Σιδηροδρόμων, Οδικές Μεταφορές, Ποντοπόρος Ναυτιλία και Διεθνείς Εμπορευματικές Μεταφορές, Βιβλιογραφία.
700 1 _aSussman Joseph
_95726
700 1 _aΠαπαδημητρίου Ευστ
_98689
700 1 _aΣχινάς Ορ
_98690
942 _cBK
999 _c8155
_d8155